000 00601nam a2200229Ia 4500
003 OSt
005 20221005084415.0
006 a|||||r|||| 00| 0
007 ta
008 221004b |||||||| |||| 00| 0 eng d
020 _a0120038137
024 _a103527
037 _cTextual
040 _aCRL
_cCRL
_beng
041 _2eng
_aeng
082 _aC9B1, L7
100 _aBates D.R. Ed.
_948192
245 0 _aAdvances in atomic and molecular physics
260 _aNew York
_bAcademic Press USA
_c1977
942 _hC9B1, L7
_cTEXL
_2cc
999 _c992552
_d992552